| 000 | 00665nam a2200229 a 4500 | ||
|---|---|---|---|
| 999 |
_c11808 _d11808 |
||
| 001 | 11808 | ||
| 003 | BD-JhCC | ||
| 005 | 20220602134022.0 | ||
| 008 | 201104b2016 bg |||| ||a| 000 0 ben d | ||
| 020 | _a9789844321083 | ||
| 035 | _a(BD-JhCC)11808 | ||
| 040 |
_aBD-JhCC _dBD-JhCC |
||
| 041 | _aben | ||
| 082 |
_a891.44 _bMIL 2016 |
||
| 100 | _aমিলন, ইমদাদুল হক | ||
| 245 |
_aছোট সবুজ মানুষ / _cইমদাদুল হক মিলন। |
||
| 260 |
_aঢাকা: _bঅনন্য; _c২০১৬. |
||
| 300 |
_a112 p. : _c20 cm. |
||
| 650 | _aScience fiction . | ||
| 942 |
_2ddc _cBK _01 |
||